00793nam a2200205 i 4500001000300000245014600003260002900149300003500178490003400213650004200247700003200289710004500321830003500366020001500401040000800416041000700424080001700431008004100448856009800489bg00aStrategia lizbońska - droga do sukcesu zjednoczonej Europy /c[oprac. Agata Budzyńska et al. ; Urząd Komitetu Integracji Europejskiej]. aWarszawa :bUKIE,c2002. a102, [1] s. :bwykr. ;c24 cm.1 aDebata. Wyzwania Członkostwa 9aUnia Europejskaxgospodarkaxpolityka1 aBUDZYŃSKA, Agata.eOprac. 0aUrząd Komitetu Integracji Europejskiej 0aDebata.pWyzwania Członkostwa a8387913383 cBPK0 apl a339.97(4-67) s pl f |000 0 pol  uhttp://koha.tu.koszalin.pl/cgi-bin/koha/opac-detail.pl?biblionumber=41706yKatalog online BPK